000 00746nam a2200289Ia 4500
001 2691
005 20240113233550.0
007 ta
008 050301s1976 g b000 u hin u
040 _aCotton College Assam
041 _ahin
082 _a891.43
_bT 543 Sa
100 _aTiwari, Badri Nath .
245 0 _aSahityik Nibandha /
_cBadri Nath Tiwari.
_hTextual Documents
250 _a1st ed. /
260 _aAllahabad :
_bSahitya Bhaban ,
_c1976.
300 _a159p. ;
_c18cm..
653 _aHindi Short Stories
653 _aShort Stories-Hindi
653 _aHindi literature
653 _aGen-Hindi
653 _aT/G-Hindi
942 _2ddc
_cBK
999 _c2684
_d2684